000 00535nmm a2200169Ia 4500
008 251105s9999||||xx |||||||||||||||||und||
020 _a9788496797871
041 _aspa
100 _aCasado Gutiérrez, Fernando
245 0 _aAntiperiodistas : confesiones de las agresiones mediáticas contra Venezuela
264 _a[Madrid, España] :
_bFoca,
_c2015
300 _a384 páginas
490 _aInvestigación
650 _aMedia Studies (Journ., TV, etc)
856 _uhttps://public.digitaliapublishing.com/a/44285
942 _cCF
999 _c90073
_d90073